Cây rau cây thuốc
Giới thiệu công dụng và các bài thuốc ứng dụng các loại cây rau làm thuốc chữa bệnh như cây bạc hà, bí ngô, cải củ, cần tây...
Na minha lista:
| Autor principal: | |
|---|---|
| Outros Autores: | , , , , |
| Formato: | Livro |
| Idioma: | Vietnamese |
| Publicado em: |
H.
Y học
2011
|
| Edição: | Tái bản lần thứ 6 có sửa chữa |
| Tags: |
Adicionar Tag
Sem tags, seja o primeiro a adicionar uma tag!
|
| Thư viện lưu trữ: | Thư viện Trường Đại học Nam Cần Thơ |
|---|
| LEADER | 01925aam a22003138a 4500 | ||
|---|---|---|---|
| 001 | NCT_9522 | ||
| 008 | 111228s2005 ||||||viesd | ||
| 999 | |c 470 |d 470 | ||
| 020 | |c 30000 | ||
| 082 | 0 | 4 | |2 23rd ed. |a 615.32 |b C126 |
| 100 | 1 | |a Nguyễn Đức Đoàn |e Chủ biên | |
| 245 | 0 | 0 | |a Cây rau cây thuốc |c Chủ biên: Nguyễn Đức Đoàn, Phạm Hưng Củng |
| 250 | |a Tái bản lần thứ 6 có sửa chữa | ||
| 260 | |a H. |b Y học |c 2011 | ||
| 300 | |a 59tr. |b ảnh |c 19cm | ||
| 500 | |a ĐTTS ghi: Bộ Y tế. Vụ Y học cổ truyền | ||
| 520 | 3 | |a Giới thiệu công dụng và các bài thuốc ứng dụng các loại cây rau làm thuốc chữa bệnh như cây bạc hà, bí ngô, cải củ, cần tây... | |
| 700 | 1 | |a Tô Văn Sáng |e Hiệu đính | |
| 700 | 1 | |a Nguyễn Đình Cẩm | |
| 700 | 1 | |a Tô Văn Nại | |
| 700 | 1 | |a Phạm Hưng Củng |e Chủ biên | |
| 700 | 1 | |a Lê Thị Cảnh Khuê | |
| 942 | |2 ddc |c BK | ||
| 952 | |0 0 |1 0 |2 ddc |4 0 |6 615_320000000000000_C126 |7 0 |9 3200 |a 000001 |b 000001 |d 2017-11-10 |l 2 |o 615.32 C126 |p MD.04800 |r 2018-04-06 |s 2018-03-06 |v 30000.00 |w 2017-11-10 |y BK | ||
| 952 | |0 0 |1 0 |2 ddc |4 0 |6 615_320000000000000_C126 |7 0 |9 3201 |a 000001 |b 000001 |d 2017-11-10 |o 615.32 C126 |p MD.04638 |r 2017-11-10 |v 30000.00 |w 2017-11-10 |y BK | ||
| 952 | |0 0 |1 0 |2 ddc |4 0 |6 615_320000000000000_C126 |7 0 |9 3202 |a 000001 |b 000001 |d 2017-11-10 |l 2 |m 1 |o 615.32 C126 |p MD.04799 |r 2020-12-03 |s 2020-11-19 |v 30000.00 |w 2017-11-10 |y BK | ||
| 952 | |0 0 |1 0 |2 ddc |4 0 |6 615_320000000000000_C126 |7 0 |9 3203 |a 000001 |b 000001 |d 2017-11-10 |l 3 |o 615.32 C126 |p MD.04798 |r 2021-04-13 |s 2021-03-31 |v 30000.00 |w 2017-11-10 |y BK | ||
| 952 | |0 0 |1 0 |2 ddc |4 0 |6 615_320000000000000_C126 |7 0 |9 19639 |a 000001 |b 000001 |d 2020-05-28 |l 1 |o 615.32 C126 |p MD.17192 |r 2020-11-05 |s 2020-10-26 |v 30000.00 |w 2020-05-28 |y BK | ||
| 980 | |a Thư viện Trường Đại học Nam Cần Thơ | ||